Представление документа в формате RUSMARC

Поле Инд. ПП Название Значение
Тип записи a
Библиографический уровень a
001 Контрольный номер aabdee3443ce4831b990f45f57ab8687
005 Дата корректировки 20181120134526.4
100 a Данные общей обработки 20180530 ||| 0rusy0189 ca
101 0_ a Язык текста rus
102 a Страна публикации RU
200 1_ f Первые сведения об ответственности Т.В. Исакова
a Заглавие Состязательность российского уголовного процесса как структурообразующее начало конфликтной деятельности участников уголовного судопроизводства
210 d Дата издания 2018
461 _0 1 2000
a Администратор суда
463 _0 1 2000
a №1
v С. 23-26
1 2101
d 2018
1 001e0b9e41053d8439f9f622f85fc468e0b
606 a Основная рубрика Уголовно-процессуальное право
610 0_ a Ключевые слова УГОЛОВНЫЙ ПРОЦЕСС; СОСТЯЗАТЕЛЬНОСТЬ В УГОЛОВНОМ ПРОЦЕССЕ
700 _1 a Фамилия Исакова
b Имя Т.В.
801 _0 a Страна RU
b Организация РГУП
c Дата составления 20180530
g Правила каталогизации PSBO
801 _1 a Страна RU
b Организация РГУП
c Дата составления 20180530
g Правила каталогизации PSBO
901 t Тип документа b
w Контрольный № источника e0b9e41053d8439f9f622f85fc468e0b
905 a Дата ввода 20180530